000 00605nmm a2200205Ia 4500
008 251105s9999||||xx |||||||||||||||||und||
020 _a847030769X
041 _aspa
100 _aRosa Rivero, Alberto
245 0 _aMemoria colectiva e identidad nacional
264 _a[Madrid, España] :
_bBiblioteca Nueva,
_c2000
300 _a474 páginas
490 _aEnsayo Pensamiento
650 _aPolitical Science (General)
700 _aRosa Rivero, Alberto
700 1 _a Bakhurst, David
700 1 _a Bellelli, Guglielmo
856 _uhttps://public.digitaliapublishing.com/a/5492
942 _cCF
999 _c70755
_d70755